Central Library OPAC University of Rajshahi

Solar energy : (Record no. 9424)

MARC details
000 -LEADER
fixed length control field 01544cam a2200325 i 4500
001 - CONTROL NUMBER
control field 9424
003 - CONTROL NUMBER IDENTIFIER
rucl marc code BD-RjUL
005 - DATE AND TIME OF LATEST TRANSACTION
control field 20211208234757.0
008 - FIXED-LENGTH DATA ELEMENTS--GENERAL INFORMATION
fixed length control field 140121r19751975enka b 101 0 eng
020 ## - INTERNATIONAL STANDARD BOOK NUMBER
International Standard Book Number 0080198171.
-- 0080197817
035 ## - SYSTEM CONTROL NUMBER
System control number (BD-RjUL)9469
040 ## - CATALOGING SOURCE
Original cataloging agency DLC
Transcribing agency DLC
Modifying agency DLC
-- BD-RjUL
Language of cataloging eng
041 ## - LANGUAGE CODE
Language code of text/sound track or separate title eng
082 00 - DEWEY DECIMAL CLASSIFICATION NUMBER
Classification number 621.47
Author mark and year SOL
111 2# - MAIN ENTRY--MEETING NAME
Meeting name or jurisdiction name as entry element International Science School for High School Students
Number of part/section/meeting (17th :
Date of meeting 1974 :
Location of meeting University of Sydney)
9 (RLIN) 157514
245 10 - TITLE STATEMENT
Title Solar energy :
Remainder of title a course of lectures contributed in the 17th International Science School for High School Students sponsored by the Science Foundation for Physics within the University of Sydney, at the University of Sydney, August 26, September 6, 1974 /
Statement of responsibility, etc. edited by H. Messel, S. T. Butler.
250 ## - EDITION STATEMENT
Edition statement 1st ed., reprinted with corrections, 1975.
260 ## - PUBLICATION, DISTRIBUTION, ETC. (IMPRINT)
Place of publication, distribution, etc. Oxford ;
-- New York :
Name of publisher, distributor, etc. Pergamon Press,
Date of publication, distribution, etc. c1975.
300 ## - PHYSICAL DESCRIPTION
Pagination 340 p. :
Illustrations ill. ;
Size 22 cm.
490 0# - SERIES STATEMENT
Series statement Pergamon international library of science, technology, engineering, and social studies
504 ## - BIBLIOGRAPHY, ETC. NOTE
Bibliography, etc Includes bibliographies and index.
520 ## - SUMMARY, ETC.
Summary, etc. Nine lectures concerning specialized aspects of solar energy such as thermal conversion, the nature of solar energy, and heat transfer and storage.
650 #0 - SUBJECT ADDED ENTRY--TOPICAL TERM
Topical term or geographic name as entry element Solar energy.
9 (RLIN) 29208
Topical term or geographic name as entry element Solar energy.
9 (RLIN) 29209
700 1# - ADDED ENTRY--PERSONAL NAME
Personal name Messel, H.
Fuller form of name (Harry),
Dates associated with a name 1922-
Personal name Butler, Stuart Thomas.
710 2# - ADDED ENTRY--CORPORATE NAME
Corporate name or jurisdiction name as entry element University of Sydney.
Subordinate unit Science Foundation for Physics.
9 (RLIN) 29211
942 ## - ADDED ENTRY ELEMENTS (KOHA)
Source of classification or shelving scheme Dewey Decimal Classification
Koha item type Books
Holdings
Lost status Source of classification or shelving scheme Damaged status Not for loan Collection code Permanent Location Current Location Shelving location Date acquired Source of acquisition Cost, normal purchase price Total Checkouts Full call number Date last seen Copy number Koha item type
  Dewey Decimal Classification   Not For Loan Non-fiction Central Library, University of Rajshahi Central Library, University of Rajshahi Reading Room 11/08/1979 Heffers. 6.75   621.47 SOL 1975 21/01/2014 C-1 Books